Camela - Cuando zarpa el amor - Estadísticas

Estadísticas generales
  • Esta prueba ha sido intentada 51 veces
  • La puntuación promedio es 210 de 265
Estadísticas de respuestas
% Correcto
a
100%
amor
100%
Cuando
100%
cuando
100%
el
100%
Y
100%
y
100%
zarpa
100%
La
97%
la
97%
al
94%
no
94%
No
94%
que
94%
qué
94%
ti
94%
lo
92%
si
92%
timón
92%
yo
92%
ha
89%
sin
89%
su
89%
ciegas
86%
ciegas,
86%
corazón
86%
de
86%
De
86%
marea
86%
Navega
86%
sube
86%
es
83%
Hace
83%
me
83%
nada
83%
Sabe
83%
tiempo
83%
ya
83%
favor
81%
los
81%
mi
81%
por
81%
Por
81%
quien
81%
algún
78%
Dime
78%
dímelo
78%
dos
78%
lleva
78%
Para
78%
78%
sopla
78%
te
78%
viento
78%
vivo
78%
en
75%
hacer
75%
podemos
75%
rumbo
75%
tu
75%
voy
75%
cambiar
72%
estás
72%
Estoy
72%
estoy
72%
mismo
72%
quieres
72%
sientes
72%
aqui
69%
acostumbro
67%
marcó
67%
vida
67%
alegría
64%
casa
64%
ni
64%
puedo
64%
así
61%
aún
61%
Aún
61%
luz
61%
mentir
61%
muerto
61%
vacía
61%
mejor
58%
acordamos
56%
Juntos
56%
tus
56%
hablan
53%
Hoy
53%
Lleno
53%
seguir
53%
ser
53%
besos
50%
conseguí
50%
difícil
50%
Estar
50%
Intenté
50%
recuerdos
50%
sabes
50%
separarnos
50%
todos
50%
cariño
47%
llegado
47%
olvidarte
47%
contigo
44%
ojos
44%
poderte
44%
Siento
44%
alianza
42%
manos
42%
niña
42%
regalé
42%
tener
42%
ilusión
39%
llevas
39%
escalofríos
36%
menos
36%
otra
36%
vez
36%
acaríciame
33%
brilla
33%
Cuánto
33%
eché
33%
nunca
33%
separaré
31%
Acerca
28%
No se encontraron pruebas coincidentes
Distribución de puntuación
Porcentaje de gente con cada puntuación
Porcentaje por número respondido
Historial de tus puntuaciones
No has intentado esta prueba.